[Event "Dundee & Angus op"]
[Site "Dundee"]
[Date "2011.10.16"]
[Round "5"]
[White "MacDonald, Paul H"]
[Black "Romilly, Peter J"]
[Result "0-1"]
[WhiteElo "1822"]
[BlackElo "2185"]
[PlyCount "94"]
[EventDate "2011.10.14"]
[EventType "swiss"]
[EventRounds "5"]
[EventCountry "SCO"]
[SourceTitle "EXT 2017"]
[Source "ChessBase"]
[SourceDate "2016.10.25"]
[SourceVersion "1"]
[SourceVersionDate "2016.10.25"]
[SourceQuality "1"]

1. d4 Nf6 2. c4 e6 3. Nc3 Bb4 4. Qc2 c5 5. dxc5 Bxc5 6. Nf3 Nc6 7. e3 0-0 8. a3 d5 9. b4 Bd6 10. Bb2 b6 11. cxd5 exd5 12. Be2 Bb7 13. 0-0 Rc8 14. Qb3 Qe7 15. Rfd1 Ne5 16. Nb5 Bb8 17. Nxe5 Bxe5 18. Bxe5 Qxe5 19. Rac1 Ba6 20. Nd4 Bxe2 21. Nxe2 Ng4 22. Ng3 Rxc1 23. Rxc1 h5 24. Qc3 Qg5 25. Qd4 Re8 26. Rc7 h4 27. Ne2 h3 28. Qf4 Qg6 29. Qg3 Qd3 30. gxh3 Nxe3 31. fxe3 Qxe2 32. Rxa7 Rc8 33. Qf2 Qh5 34. Qd2 Qxh3 35. Rb7 Qg4+ 36. Kf2 Qf5+ 37. Ke1 Qb1+ 38. Ke2 Rc2 39. Rxb6 Rxd2+ 40. Kxd2 Qb2+ 41. Kd3 Qxa3+ 42. Kd4 Qb3 43. b5 f6 44. Rc6 Qxb5 45. Rc5 Qb2+ 46. Kxd5 Qxh2 47. Ke6 Qh3+ 0-1

[Event "East Kilbride Weekly op 4th"]
[Site "East Kilbride"]
[Date "2011.05.26"]
[Round "4"]
[White "MacDonald, Paul H"]
[Black "Glen, Hamish"]
[Result "1-0"]
[WhiteElo "1819"]
[BlackElo "1587"]
[PlyCount "77"]
[EventDate "2011.05.??"]
[EventType "swiss"]
[EventRounds "5"]
[EventCountry "SCO"]
[SourceTitle "EXT 2023"]
[Source "ChessBase"]
[SourceDate "2022.10.05"]
[SourceVersion "1"]
[SourceVersionDate "2022.10.05"]
[SourceQuality "1"]

1. d4 d5 2. c4 c6 3. Nf3 Nf6 4. e3 Bg4 5. Qb3 Qb6 6. Ne5 Qxb3 7. axb3 Bf5 8. c5 Nbd7 9. Nxd7 Nxd7 10. b4 e5 11. b5 Be7 12. bxc6 bxc6 13. b4 0-0 14. Bb2 exd4 15. Bxd4 Bf6 16. Nc3 Bxd4 17. exd4 Rfe8+ 18. Kd2 Nf6 19. f3 Bd7 20. Bd3 Reb8 21. Rhb1 Ne8 22. b5 Nc7 23. bxc6 Bxc6 24. Rxb8+ Rxb8 25. Rxa7 Ne6 26. Ne2 g6 27. Kc3 Kg7 28. Nc1 Nf4 29. g3 Ne6 30. Nb3 Kf6 31. Na5 Be8 32. Nb7 Nd8 33. Nxd8 Rxd8 34. c6 Rc8 35. c7 Bd7 36. Ba6 Re8 37. Bb7 Be6 38. Ra6 Ke7 39. Rxe6+ 1-0

[Event "IECG WC.2009.P.00025"]
[Site "IECG email"]
[Date "2005.02.28"]
[Round "?"]
[White "MacDonald, Paul H"]
[Black "Koch, Christian"]
[Result "0-1"]
[WhiteElo "1939"]
[BlackElo "2136"]
[PlyCount "38"]
[EventDate "2005.02.28"]
[EventType "tourn (corr)"]
[EventRounds "6"]
[SourceTitle "Corr 2008"]
[Source "ChessBase"]
[SourceDate "2008.06.24"]
[SourceVersion "1"]
[SourceVersionDate "2008.06.24"]
[SourceQuality "1"]

1. c4 e5 2. g3 Nc6 3. Bg2 g6 4. Nc3 Bg7 5. e4 d6 6. Nge2 h5 7. h4 Bg4 8. f3 Be6 9. d3 Qd7 10. Nd5 Nce7 11. d4 0-0-0 12. Nxe7+ Qxe7 13. d5 Bd7 14. Be3 Kb8 15. b4 f5 16. Qd2 fxe4 17. fxe4 Bh6 18. 0-0 Bxe3+ 19. Qxe3 Nf6 0-1

[Event "IECG CB.2003.0.00097 email"]
[Site "IECG email"]
[Date "2003.11.02"]
[Round "?"]
[White "MacDonald, Paul H"]
[Black "Fages, Jorge Juan"]
[Result "1-0"]
[WhiteElo "1965"]
[BlackElo "1939"]
[PlyCount "105"]
[EventDate "2003.11.02"]
[EventType "tourn (corr)"]
[EventRounds "6"]
[SourceTitle "Corr 2008"]
[Source "ChessBase"]
[SourceDate "2008.06.24"]
[SourceVersion "1"]
[SourceVersionDate "2008.06.24"]
[SourceQuality "1"]

1. c4 e5 2. g3 Nf6 3. Bg2 c6 4. d4 exd4 5. Qxd4 d5 6. cxd5 cxd5 7. Nf3 Nc6 8. Qa4 Bc5 9. 0-0 0-0 10. Bg5 h6 11. Bxf6 Qxf6 12. Nc3 Be6 13. Ne1 Rad8 14. Nd3 Bb6 15. Rac1 Rfe8 16. Nf4 Qe5 17. b4 d4 18. Ne4 a5 19. Nc5 Nxb4 20. Ncxe6 fxe6 21. Bxb7 Rb8 22. Bc6 Rf8 23. Ng6 Qxe2 24. Nxf8 Rxf8 25. Qb5 Qxb5 26. Bxb5 Nxa2 27. Rc6 Rb8 28. Bc4 Nb4 29. Rxe6 Kh7 30. Rb1 Kh8 31. Kf1 Rc8 32. Bb5 Rb8 33. Rbe1 Bc5 34. Re8+ Rxe8 35. Bxe8 g5 36. Re5 Nd3 37. Rd5 Bb4 38. Rxd4 Nc5 39. Bc6 Kg7 40. Ke2 Ne6 41. Rd7+ Kf6 42. Rh7 Bf8 43. Bd5 Ke5 44. Bxe6 Kxe6 45. Ra7 Bb4 46. Ra6+ Kf5 47. Rxh6 Bf8 48. Ra6 Bb4 49. h3 Bc3 50. Kd3 Bb4 51. g4+ Ke5 52. Rb6 Be1 53. Rg6 1-0

[Event "IECC CL2-2003.03 email"]
[Site "IECC email"]
[Date "2003.01.08"]
[Round "?"]
[White "MacDonald, Paul H"]
[Black "Bourgoin, Claude"]
[Result "1/2-1/2"]
[WhiteElo "2033"]
[BlackElo "1954"]
[PlyCount "68"]
[EventDate "2003.??.??"]
[EventType "tourn (corr)"]
[EventRounds "4"]
[SourceTitle "Corr 2008"]
[Source "ChessBase"]
[SourceDate "2008.06.24"]
[SourceVersion "1"]
[SourceVersionDate "2008.06.24"]
[SourceQuality "1"]

1. d4 Nf6 2. c4 e6 3. g3 d5 4. Bg2 dxc4 5. Nf3 Bb4+ 6. Bd2 Bxd2+ 7. Nbxd2 b5 8. a4 c6 9. 0-0 0-0 10. e4 a5 11. Qc2 Na6 12. b3 Nb4 13. Qc3 cxb3 14. Qxb3 Rb8 15. Qc3 Ba6 16. Rfe1 Qb6 17. Ne5 Rfd8 18. Nb3 Ra8 19. Red1 bxa4 20. Rxa4 Bb5 21. Rxa5 Rxa5 22. Nxa5 Qxa5 23. Ra1 Qb6 24. Qxb4 h6 25. Qc5 Qxc5 26. dxc5 Rd4 27. f3 Nd7 28. Nxd7 Rxd7 29. Bf1 Bxf1 30. Kxf1 Rd3 31. Ra6 Rxf3+ 32. Ke2 Rc3 33. Rxc6 Rc2+ 34. Kd3 Rxh2 1/2-1/2

[Event "IECG CB.2002.0.00034 email"]
[Site "IECG email"]
[Date "2002.04.03"]
[Round "?"]
[White "MacDonald, Paul H"]
[Black "Bujdak, Pavol"]
[Result "1-0"]
[WhiteElo "1965"]
[BlackElo "1942"]
[PlyCount "85"]
[EventDate "2002.04.03"]
[EventType "tourn (corr)"]
[EventRounds "6"]
[SourceTitle "Corr 2008"]
[Source "ChessBase"]
[SourceDate "2008.06.24"]
[SourceVersion "1"]
[SourceVersionDate "2008.06.24"]
[SourceQuality "1"]

1. c4 e5 2. g3 c6 3. d4 Bb4+ 4. Bd2 Bxd2+ 5. Qxd2 d6 6. Nc3 Nf6 7. Bg2 0-0 8. e3 Re8 9. Nge2 e4 10. h3 d5 11. g4 h6 12. Ng3 Be6 13. cxd5 cxd5 14. Rc1 Nc6 15. 0-0 Rc8 16. f3 exf3 17. Rxf3 a6 18. Rcf1 Nh7 19. R3f2 b5 20. Nh5 f6 21. Nf4 Bf7 22. a4 Ng5 23. axb5 axb5 24. Ncxd5 Nxh3+ 25. Bxh3 Bxd5 26. g5 hxg5 27. Nxd5 Qxd5 28. Bxc8 Rxc8 29. Qd3 Nb4 30. Qg6 Qe6 31. Qf5 Qxf5 32. Rxf5 Rb8 33. Rd1 Nc6 34. Rc5 Na5 35. e4 Nc4 36. b3 Nd6 37. e5 Ne4 38. Rc6 b4 39. e6 Nc3 40. Re1 Re8 41. Rc7 Nd5 42. Rd7 Ne7 43. d5 1-0

[Event "IECG CB.2002.0.00034 email"]
[Site "IECG email"]
[Date "2002.04.03"]
[Round "?"]
[White "Seiler, Peter"]
[Black "MacDonald, Paul H"]
[Result "1/2-1/2"]
[WhiteElo "1990"]
[BlackElo "1965"]
[PlyCount "57"]
[EventDate "2002.04.03"]
[EventType "tourn (corr)"]
[EventRounds "6"]
[SourceTitle "Corr 2008"]
[Source "ChessBase"]
[SourceDate "2008.06.24"]
[SourceVersion "1"]
[SourceVersionDate "2008.06.24"]
[SourceQuality "1"]

1. d4 d5 2. c4 c6 3. Nf3 Nf6 4. Nc3 a6 5. c5 Bf5 6. Bf4 Nbd7 7. h3 h6 8. e3 g5 9. Bh2 Bg7 10. Qb3 Ra7 11. Ne5 Ne4 12. Nxd7 Qxd7 13. Nxe4 Bxe4 14. 0-0-0 Ra8 15. f3 Bg6 16. Bd3 Bxd3 17. Rxd3 0-0 18. Qb6 Rae8 19. Rhd1 e5 20. dxe5 Bxe5 21. Bxe5 Rxe5 22. e4 Rc8 23. Kb1 Qe7 24. exd5 cxd5 25. Qxh6 Rxc5 26. Qb6 Re2 27. Rxd5 Rxd5 28. Rxd5 Rxg2 29. a4 1/2-1/2